Statistiques concernant Géographie asiatique par lettre - C

Cliquez ici pour prendre le quiz!

Statistiques générales

  • Ce quiz a été pris 244 fois
  • Le résultat moyen est 8 sur 18

Statistiques - réponses

indicerépondre% Correct
Pays de 1,4 milliard d'habitantsChine
100%
Pays avec Angkor Vat sur son drapeauCambodge
86%
Ancien nom d'IstanbulConstantinople
86%
Le plus grand lac du mondemer {Caspienne}
83%
Ancien nom de KolkataCalcutta
79%
Dialecte chinois parlé à Guangzhoucantonais
61%
Chaîne de montagnes à la frontière occidentale de l'AsieCaucase
56%
Rue Ledra est un poste frontière important de cette île diviséeChypre
56%
Ancien nom du Sri LankaCeylan
55%
Un citoyen de ce pays ^^^^Chypriote
53%
Fleur célébrée par les Japonais, qui l'appellent sakura{Cerisier} oriental
41%
Ville indienne anciennement appelée MadrasChennaï
20%
Capitale du Sichuan, pop 15 millionChengdu
15%
Ancien nom de l'île de SulawesiCélèbes
14%
Deuxième ville des PhilippinesCebu
10%
La plus grande ville du nord de la ThaïlandeChiang Mai
10%
Deuxième ville du BangladeshChittagong
7%
Capitale provisoire de la Chine pendant la seconde guerre mondialeChongqing
7%

Distribution des résultats

Percentile par nombre de réponses

% des personnes avec chaque résultat

Votre développement - résultats

Vous n’avez pas pris ce quiz